Contracting online (Record no. 68690)

MARC details
000 -LEADER
fixed length control field 01077cam a2200265 4500
001 - CONTROL NUMBER
control field ABS64684
008 - FIXED-LENGTH DATA ELEMENTS--GENERAL INFORMATION
fixed length control field 011026n2001 000 0 eng u
035 ## - SYSTEM CONTROL NUMBER
System control number (Sirsi) u115337
100 ## - MAIN ENTRY--PERSONAL NAME
Personal name Englefield,
245 ## - TITLE STATEMENT
Title Contracting online
260 ## - PUBLICATION, DISTRIBUTION, ETC.
Date of publication, distribution, etc. 2001
490 ## - SERIES STATEMENT
Series statement Corporate Briefing
Volume/sequential designation 15(9) October 2001, 3-6(4)
520 ## - SUMMARY, ETC.
Summary, etc. This article considers some of the issues which those doing business online should be thinking about when contracting online. It looks at the issues surrounding online contracting and how online contracts are formed. It then considers contracting in the context of downloading software in the light of a recent United States judgement. TAKEN FROM JOURNAL HEADNOTE.
590 ## - LOCAL NOTE (RLIN)
Local note ABS
650 ## - SUBJECT ADDED ENTRY--TOPICAL TERM
Topical term or geographic name entry element CONTRACTING
650 ## - SUBJECT ADDED ENTRY--TOPICAL TERM
Topical term or geographic name entry element E-COMMERCE
650 ## - SUBJECT ADDED ENTRY--TOPICAL TERM
Topical term or geographic name entry element EBUSINESS
650 ## - SUBJECT ADDED ENTRY--TOPICAL TERM
Topical term or geographic name entry element SPECHT AND OTHERS V NETSCAPE COMMUNICATIONS CORP AND AMERICA ONLINE, INC
650 ## - SUBJECT ADDED ENTRY--TOPICAL TERM
Topical term or geographic name entry element SOFTWARE
650 ## - SUBJECT ADDED ENTRY--TOPICAL TERM
Topical term or geographic name entry element LICENSING
650 ## - SUBJECT ADDED ENTRY--TOPICAL TERM
Topical term or geographic name entry element MANAGEMENT-BUSINESS MANAGEMENT
650 ## - SUBJECT ADDED ENTRY--TOPICAL TERM
Topical term or geographic name entry element UNITED STATES
690 ## - LOCAL SUBJECT ADDED ENTRY--TOPICAL TERM (OCLC, RLIN)
Topical term or geographic name as entry element INFORMATION TECHNOLOGY-INTERNET
942 ## - ADDED ENTRY ELEMENTS (KOHA)
Suppress in OPAC 0
Holdings
Withdrawn status Lost status Source of classification or shelving scheme Damaged status Not for loan Home library Current library Shelving location Date acquired Total Checkouts Full call number Barcode Date last seen Copy number Price effective from Koha item type
    Dewey Decimal Classification     London London Journal article 26/10/2001   ABS64684 115337-1001 06/08/2019 1 06/08/2019 Journal article